000 00411nam a2200169Ia 4500
001 8155
003 IN-NITTTR
005 20251114233035.0
008 251113s9999||||xx |||||||||||||| ||eng||
040 _beng
040 _cIN-NITTTR
041 _aeng
082 _a621.7 P939W
100 _aPritchard, R. T.
245 0 _aWorkshop processes for engineering technicians /
_cPritchard, R. T.
942 _2ddc
_cBK
999 _c10793
_d10793